Let the children come. (Record no. 9961)

000 -LEADER
fixed length control field 00609nam a2200193 a 4500
001 - CONTROL NUMBER
control field :::00007746$&:&@@
003 - CONTROL NUMBER IDENTIFIER
control field OkBaRHE
005 - DATE AND TIME OF LATEST TRANSACTION
control field 20110318121606.0
008 - FIXED-LENGTH DATA ELEMENTS--GENERAL INFORMATION
fixed length control field s1982 j 000 0 eng u
040 ## - CATALOGING SOURCE
Transcribing agency
100 1# - MAIN ENTRY--PERSONAL NAME
Personal name McChesney, Stewart R.
245 10 - TITLE STATEMENT
Title Let the children come.
260 ## - PUBLICATION, DISTRIBUTION, ETC. (IMPRINT)
Place of publication, distribution, etc Nashville, TN., :
Name of publisher, distributor, etc Broadman Press
Date of publication, distribution, etc c1982
300 ## - PHYSICAL DESCRIPTION
Extent 112 p. ;
Dimensions 20 cm.
650 ## - SUBJECT ADDED ENTRY--TOPICAL TERM
Topical term or geographic name as entry element Children's Sermons
650 ## - SUBJECT ADDED ENTRY--TOPICAL TERM
Topical term or geographic name as entry element Object-teaching
942 ## - ADDED ENTRY ELEMENTS (KOHA)
Source of classification or shelving scheme
Koha item type Books
Copies
Koha item type Lost status Date last seen Shelving location Permanent Location Total Checkouts Full call number Price effective from Date acquired Withdrawn status Source of classification or shelving scheme Copy number Barcode Current Location Date checked out Not for loan Damaged status
Books 2011-03-18General StacksRHEMA Bible Training College1BV 1535 .M322010-04-142010-04-14  17746RHEMA Bible Training College2011-03-05